000 00656cam a2200241 4500500
005 20260329004302.0
041 _afre
042 _adc
100 1 0 _aBaldini, Andrea
_eauthor
245 0 0 _aÉloge de l’élégance
260 _c2019.
500 _a84
690 _aÉlégance
690 _aGianni Agnelli
690 _aItalie
690 _aMasculin
690 _aMode
690 _aSprezzatura
690 _aStyle
690 _aVêtement
786 0 _nPhilosophie magazine | 130 | 6 | 2019-06-01 | p. 14-15 | 1951-1787
856 4 1 _uhttps://shs.cairn.info/magazine-philosophie-magazine-2019-6-page-14?lang=fr&redirect-ssocas=7080
999 _c1832471
_d1832471